| 000 | 02201cam a2200505 i 4500 | ||
|---|---|---|---|
| 999 |
_c522753 _d522753 |
||
| 001 | 20698161 | ||
| 003 | NUST | ||
| 005 | 20190110101607.0 | ||
| 008 | 181009s2018 pk b 000 0 urd | ||
| 010 | _a 2018326005 | ||
| 020 | _a9789697576302 | ||
| 025 | _aP-U-2018326005; 38 | ||
| 037 | _bLibrary of Congress -- Islamabad Overseas Office | ||
| 038 | _awaseem | ||
| 040 |
_aDLC _beng _erda _cDLC |
||
| 042 |
_alcode _apcc |
||
| 043 | _aa-pk--- | ||
| 050 | 0 | 0 |
_aHN690.5.A8 _bM84 2018 |
| 066 |
_c(3 _c(4 |
||
| 082 |
_a324.2095491 _bMUM |
||
| 100 | 0 |
_6880-01 _aMumtāzuddīn, _c(Educationalist) _eauthor. _913035 |
|
| 245 | 1 | 0 |
_6880-02 _aSamājī aur siyāsī tabdīlī magar kese? / _cMumtāzuddīn. |
| 246 | 1 | 4 |
_6880-03 _aSiyāsī aur samājī tabdīlī magar kese? |
| 250 |
_6880-04 _aIshāʻat-i avval. |
||
| 264 | 1 |
_6880-05 _aIslāmābād : _bIqbāl Inṭarnaishnal Insṭīṭiyūṭ fār Rīsarc ainḍ Ḍāʼīlāg, _c2018. |
|
| 300 |
_a152 pages ; _c22 cm |
||
| 336 |
_atext _btxt _2rdacontent |
||
| 337 |
_aunmediated _bn _2rdamedia |
||
| 338 |
_avolume _bnc _2rdacarrier |
||
| 504 | _aIncludes bibliographical references. | ||
| 520 | _aOn social and political changes in Pakistani society. | ||
| 546 | _aIn Urdu. | ||
| 650 | 0 |
_aSocial change _zPakistan. _913036 |
|
| 651 | 0 |
_aPakistan _xSocial conditions _y21st century. _93727 |
|
| 651 | 0 |
_aPakistan _xPolitics and government _y21st century. _91623 |
|
| 710 | 2 |
_aInternational Islamic University (Islāmābād, Pakistan). _bIqbal International Institute for Research & Dialogue. _97154 |
|
| 880 | 0 |
_6100-01/(3/r _aممتازالدّين، |
|
| 880 | 1 | 0 |
_6245-02/(3/r _aسماجى اور سياسى تبديلى مگر کيسے؟ / _cممتازالدّين. |
| 880 | 1 | 4 |
_6246-03/(3/r _aسياسى اور سماجى تبديلى مگر کيسے؟ |
| 880 |
_6250-04/(3/r _aاشاعت اوّل. |
||
| 880 | 1 |
_6264-05/(3/r _aاسلام آباد : _bاقبال انٹرنيشنل انسٹيٹيوٹ فار ريسرچ اينڈ ڈائيلاگ، _c2018. |
|
| 906 |
_a7 _bcbc _corigode _d3 _encip _f20 _gy-nonroman |
||
| 942 |
_2ddc _cBK |
||